Plantation agriculture / (Record no. 55521)
[ view plain ]
| 000 -LEADER | |
|---|---|
| fixed length control field | 00810nam a2200265 a 4500 |
| 001 - CONTROL NUMBER | |
| control field | 55521 |
| 003 - CONTROL NUMBER IDENTIFIER | |
| rucl marc code | BD-RjUL |
| 005 - DATE AND TIME OF LATEST TRANSACTION | |
| control field | 20211209080258.0 |
| 008 - FIXED-LENGTH DATA ELEMENTS--GENERAL INFORMATION | |
| fixed length control field | 161119s1965 enkb 000 0 eng d |
| 035 ## - SYSTEM CONTROL NUMBER | |
| System control number | (BD-RjUL)55644 |
| 040 ## - CATALOGING SOURCE | |
| Original cataloging agency | XNTU |
| Language of cataloging | eng |
| Transcribing agency | XNTU |
| Modifying agency | BD-RjUL |
| 041 ## - LANGUAGE CODE | |
| Language code of text/sound track or separate title | eng |
| 082 04 - DEWEY DECIMAL CLASSIFICATION NUMBER | |
| Classification number | 338.1 |
| Author mark and year | COP 1965 |
| Edition number | 23 |
| 100 1# - MAIN ENTRY--PERSONAL NAME | |
| Personal name | Courtenay, P. P. |
| Fuller form of name | (Percy Philip), |
| Dates associated with a name | 1931- |
| 9 (RLIN) | 114131 |
| 245 10 - TITLE STATEMENT | |
| Title | Plantation agriculture / |
| Statement of responsibility, etc. | P.P. Courtenay. |
| 260 ## - PUBLICATION, DISTRIBUTION, ETC. (IMPRINT) | |
| Place of publication, distribution, etc. | London : |
| Name of publisher, distributor, etc. | Bell, |
| Date of publication, distribution, etc. | 1965 |
| 300 ## - PHYSICAL DESCRIPTION | |
| Pagination | viii,208p. : |
| Illustrations | ill. ; |
| Size | 23 cm. |
| 490 0# - SERIES STATEMENT | |
| Series statement | Bell's advanced economic geographies |
| 500 ## - GENERAL NOTE | |
| General note | Includes Index |
| 650 #0 - SUBJECT ADDED ENTRY--TOPICAL TERM | |
| Topical term or geographic name as entry element | Plantations. |
| 9 (RLIN) | 114132 |
| Topical term or geographic name as entry element | Tropical crops. |
| 9 (RLIN) | 114133 |
| Topical term or geographic name as entry element | Agriculture |
| General subdivision | Economic aspects |
| 9 (RLIN) | 165378 |
| 830 ## - SERIES ADDED ENTRY--UNIFORM TITLE | |
| Uniform title | Bell's advanced economic geographies |
| 942 ## - ADDED ENTRY ELEMENTS (KOHA) | |
| Source of classification or shelving scheme | Dewey Decimal Classification |
| Koha item type | Books |
| Lost status | Source of classification or shelving scheme | Damaged status | Not for loan | Collection code | Permanent Location | Current Location | Shelving location | Date acquired | Source of acquisition | Cost, normal purchase price | Total Checkouts | Full call number | Date last seen | Copy number | Koha item type |
|---|---|---|---|---|---|---|---|---|---|---|---|---|---|---|---|
| Dewey Decimal Classification | Non-fiction | Central Library, University of Rajshahi | Central Library, University of Rajshahi | 17/07/1968 | sweit & zeitlinger | 25.00 | 338.1 COP 1965 | 19/11/2016 | C-2 | Books | |||||
| Dewey Decimal Classification | Not For Loan | Non-fiction | Central Library, University of Rajshahi | Central Library, University of Rajshahi | Reading Room | 27/11/1967 | Zeitlinger | 25.00 | 338.1 COP 1965 | 03/06/2017 | C-1 | Books |